Statistiche per Geografia per immagini - K

Clicka qui per fare il quiz!

Statistiche generali

  • Questo quiz è stato fatto 1.406 volte
  • Il punteggio medio è 9 su 18

Statistiche sulle risposte

Risposta% Corretto
Koala
96%
Kenya
93%
Kilimangiaro
84%
Kansas
72%
Kyoto
71%
K2
64%
Komodo
64%
Kazakistan
54%
Kuala Lumpur
54%
Kinshasa
41%
Kobe
40%
{Kensington} Palace
39%
Katmandu
27%
Kola
24%
Kerala
23%
Kyūshū
23%
Khmer
16%
Città murata di {Kowloon}
14%

Distribuzione punteggi

Percentile per numero di risposta

Percentuale di utenti per punteggio

I tuoi punteggi nel tempo

Non hai fatto questo quiz